Music artists by 1 word- sudden death! - Statistics

General Stats
  • This quiz has been taken 247 times
  • The average score is 18 of 30
Answers on the Grid
Answers color-coded by a green-red scale on the quiz's grid according to % correct below.
Drake
Mya
Hee
Pink
Ast
Rihanna
Benkou
Madonna
Malbz
Beyoncé
Bono
Jewel
Lemmy
Qoqoy
jojo
Liap
Sting
Tupac
Onzojz
Akon
Razni
Jem
Gely
Gotye
Grimes
Pune
Hin
Halsey
Joberat
Ginuwine
Lorde
Lippnor
Lulu
Marnise
Shanice
Meiko
Mase
Moosan
Pugg
Moby
Ree
santana
Nena
Cair
Ne- yo
Redman
Urau
Pit bull
Chiss
Questlove
 
Answer Stats
Answer % Correct
Drake
98%
Rihanna
95%
Beyoncé
93%
Madonna
92%
Pink
92%
Tupac
87%
Pit bull
85%
Sting
83%
Lorde
81%
Bono
73%
Halsey
72%
Ne- yo
66%
Akon
64%
Gotye
64%
santana
61%
Jewel
51%
Moby
51%
Grimes
50%
jojo
48%
Lulu
42%
Lemmy
40%
Questlove
39%
Redman
39%
Mya
35%
Nena
35%
Ginuwine
32%
Shanice
30%
Jem
19%
Meiko
18%
Mase
17%
No matching quizzes found
Score Distribution
Percent of People with Each Score
Percentile by Number Answered
Your Score History
You have not taken this quiz